Malaysia kita panduan dan rujukan untuk peperiksaan am kerajaan

Saved in:
Bibliographic Details
Format: Book
Published: Selangor International Law Book Services 2005
Subjects:
Tags: Add Tag
No Tags, Be the first to tag this record!
Call Number :JQ 715.A1 M35 2005

MARC

LEADER 00000pam a2200000 4500
001 31604
003 MY-KLNDU
005 20241218085655.0
020 0 0 |a 9678914867 
035 |a 0000025667 
039 9 |y 200910091524  |z VLOAD 
090 0 0 |a JQ 715.A1  |b M35 2005 
245 1 0 |a Malaysia kita  |b panduan dan rujukan untuk peperiksaan am kerajaan 
260 0 0 |a Selangor  |b International Law Book Services  |c 2005 
300 |a 599p.  |b ill.  |c 23cm 
504 0 0 |a Includes bibliografi p.599 
651 0 0 |a Malaysia  |x Economic conditions 
651 0 0 |a Malaysia  |x history 
651 0 0 |a Malaysia  |x politic and government 
999 |a vtls000021695  |c 31604  |d 31604